Zákon o e-Governmente po novele zákona

Novela zákona č. 305/2013 Z. z. o elektronickej podobe výkonu pôsobnosti orgánov verejnej moci v znení neskorších predpisov nadobúda účinnosť 1.11.2017. Zmeny, ktoré zákon prináša pre podnikateľov.

Saved in:
Bibliographic Details
Main Author: Matulková, Mariana
Format: Book Chapter
Language:Slovak
Subjects:
Tags: Add Tag
No Tags, Be the first to tag this record!

MARC

LEADER 00000naa a2200000 4500
001 0238310
005 20171219124733.5
041 0 |a slo 
044 |a SK 
245 1 0 |a Zákon o e-Governmente po novele zákona  |c Mariana Matulková 
520 |a Novela zákona č. 305/2013 Z. z. o elektronickej podobe výkonu pôsobnosti orgánov verejnej moci v znení neskorších predpisov nadobúda účinnosť 1.11.2017. Zmeny, ktoré zákon prináša pre podnikateľov. 
610 2 0 |a zákony 
610 2 0 |a správa verejná elektronická 
610 2 0 |a novelizácia 
610 2 0 |a podnikanie 
610 2 0 |a podnikatelia 
610 2 0 |a systémy informačné 
610 2 0 |a dokumenty elektronické 
610 2 0 |a komunikácia elektronická 
100 1 |a Matulková, Mariana